Questions aléatoires de géographie - 5 - Statistiques

Statistiques générales
  • Ce quiz a été pris 133 fois
  • Le résultat moyen est 5 sur 15
Statistiques - réponses
Indices Réponses % Correct
Quelle est la capitale du Liban ? Beyrouth
98%
Le drapeau de quel pays comprend une sphère bleue étoilée ? le Brésil
64%
Comment s'appelle le cap le plus méridional d'Afrique ? le cap de Bonne-Espérance
50%
Quelle est la deuxième plus grande ville d'Irlande, signifiant "liège" en français ? Cork
45%
Quel pays comprend l'état du Manitoba ? le Canada
43%
Quel département français s'appelait initialement les "Côtes du Nord" ? les Côtes-d'Armor
38%
Quel Land allemand est traversé par l'Isar, un affluent du Danube ? la Bavière
34%
Quelle la capitale de l'Etat du Victoria en Australie ? Melbourne
33%
Quelle ville française tient son nom de la tribu gauloise des Pictons ? Poitiers
30%
Quelle rivière française porte le nom d'une sous-préfecture de l'Isère ? la Vienne
17%
Quel lac est partagé entre le Congo, le Burundi, la Zambie et la Tanzanie ? le lac Tanganyika
17%
Quel parc naturel français d'Occitanie fait parti du massif central ? les Cévennes
17%
Au bord de quelle mer se trouve le port de Jakarta ? la mer de Java
10%
Quelle chaine de montagne, appelée Toroslar en turque, se situe au sud-est du plateau de l'Anatolie ? les monts Taurus
4%
Quel volcan hawaïen est considéré comme la demeure de la déesse Pelée ? le Kilauea
3%
Aucun quiz correspondant
Distribution des résultats
% des personnes avec chaque résultat
Percentile par nombre de réponses
Votre historique - résultats
Vous n’avez pas pris ce quiz